000 00244nam a2200097Ia 4500
942 _cBK
245 0 _aMARKETING SUCCESS STORIES 5TH EDITION
100 _a MICHAEL CANT
700 _a RICARDO MACHADO
008 210804s9999 xx 000 0 und d
999 _c46369
_d46368